[Event "Oberliga Baden 0001"]
[Site "Baden"]
[Date "2001.03.11"]
[Round "7.7"]
[White "Roos, Celine"]
[Black "Eisenbeis, Norman"]
[Result "0-1"]
[WhiteElo "2176"]
[BlackElo "2162"]
[PlyCount "107"]
[EventDate "2000.10.15"]
[EventType "team"]
[EventRounds "9"]
[EventCountry "GER"]
[SourceTitle "EXT 2002"]
[Source "ChessBase"]
[SourceDate "2001.11.25"]
[SourceVersion "1"]
[SourceVersionDate "2001.11.25"]
[SourceQuality "1"]

1. d4 Nf6 2. c4 g6 3. Nf3 Bg7 4. g3 d6 5. Nc3 0-0 6. Bg2 Nc6 7. 0-0 a6 8. e3 Bg4 9. h3 Bd7 10. b3 Rb8 11. Bb2 b5 12. Nd2 e5 13. Nd5 exd4 14. Nxf6+ Bxf6 15. cxb5 axb5 16. Rc1 Nb4 17. Ne4 Bg7 18. Bxd4 f6 19. Qd2 Nc6 20. Ba1 Ne5 21. f4 Nc6 22. Qd5+ Rf7 23. Rxc6 Bxc6 24. Qxc6 Qe7 25. Bd4 f5 26. Ng5 Bxd4 27. exd4 Qe3+ 28. Kh2 Re7 29. Qd5+ Kg7 30. Rf3 Qe2 31. Rc3 h6 32. Nf3 Qxa2 33. Nh4 Qf2 34. Rc6 Rd8 35. Nf3 Rdd7 36. Rc1 Re2 37. Rg1 Rde7 38. Qc6 Rb2 39. b4 Rc2 40. Qd5 Re3 41. Kh1 Qxg3 42. Qxb5 Re7 43. Ne5 dxe5 44. fxe5 Rxg2 45. Rxg2 Qxh3+ 46. Rh2 Qf3+ 47. Rg2 Qd1+ 48. Rg1 Qxd4 49. Qc6 Qe4+ 50. Qxe4 fxe4 51. Rc1 Rxe5 52. Rxc7+ Kf6 53. Kg1 Rb5 54. Kf2 0-1

[Event "Saint Affrique op 08th "]
[Site "Saint Affrique"]
[Date "2000.07.??"]
[Round "5"]
[White "Roos, Celine"]
[Black "Foisor, Ovidiu Doru"]
[Result "0-1"]
[WhiteElo "2176"]
[BlackElo "2404"]
[PlyCount "114"]
[EventDate "2000.07.??"]
[EventType "swiss"]
[EventRounds "9"]
[EventCountry "FRA"]
[SourceTitle "EXT 2001"]
[Source "ChessBase"]
[SourceDate "2000.11.22"]
[SourceVersion "1"]
[SourceVersionDate "2000.11.22"]
[SourceQuality "1"]

1. d4 Nf6 2. c4 e6 3. Nc3 Bb4 4. Nf3 c5 5. g3 Nc6 6. Bg2 Ne4 7. Bd2 Bxc3 8. bxc3 Na5 9. Qc2 Nxd2 10. Nxd2 d6 11. 0-0 0-0 12. Rad1 Qc7 13. e3 Rb8 14. f4 cxd4 15. cxd4 b6 16. Rc1 Ba6 17. f5 Qe7 18. fxe6 Qxe6 19. Qe4 Rbe8 20. Qxe6 Rxe6 21. Bd5 Rxe3 22. Ne4 Bxc4 23. Bxc4 Nxc4 24. Nf6+ gxf6 25. Rxc4 Ra3 26. Rc2 Ra4 27. d5 Ra5 28. Rxf6 Rxd5 29. Rc7 Ra5 30. Rf2 Kg7 31. Rd7 d5 32. Kg2 Kg6 33. Rd6+ f6 34. Kf1 h5 35. Rd2 Rf7 36. R6xd5 Rxd5 37. Rxd5 Rc7 38. Rd2 Rc3 39. Kg2 Ra3 40. Rc2 b5 41. Rb2 a6 42. Rc2 Kg5 43. Rb2 Kg6 44. Rc2 b4 45. Rb2 a5 46. Kh3 Kg5 47. Rc2 h4 48. Rb2 hxg3 49. hxg3 f5 50. Rf2 f4 51. Rxf4 Rxa2 52. Rc4 b3 53. Rc5+ Kg6 54. Rb5 b2 55. g4 a4 56. Kh4 a3 57. Rb6+ Kg7 0-1

[Event "Naujac"]
[Site "Naujac"]
[Date "2000.??.??"]
[Round "4"]
[White "Gentilleau, Jean Philippe"]
[Black "Roos, Celine"]
[Result "1/2-1/2"]
[WhiteElo "2169"]
[BlackElo "2176"]
[PlyCount "31"]
[EventDate "2000.??.??"]
[EventType "tourn"]
[EventRounds "9"]
[EventCountry "FRA"]
[EventCategory "3"]
[SourceTitle "EXT 2001"]
[Source "ChessBase"]
[SourceDate "2000.11.22"]
[SourceVersion "1"]
[SourceVersionDate "2000.11.22"]
[SourceQuality "1"]

1. d4 Nf6 2. Nf3 b6 3. g3 e6 4. Bg2 Bb7 5. 0-0 d5 6. c4 Be7 7. cxd5 exd5 8. Nc3 c6 9. Qc2 0-0 10. Bg5 Na6 11. Rfd1 Nc7 12. Rac1 Ne6 13. Bxf6 Bxf6 14. b4 Qe7 15. Qb3 Rad8 16. e3 1/2-1/2

[Event "Naujac"]
[Site "Naujac"]
[Date "2000.??.??"]
[Round "5"]
[White "Roos, Celine"]
[Black "Sebag, Marie"]
[Result "1-0"]
[WhiteElo "2176"]
[BlackElo "2193"]
[PlyCount "68"]
[EventDate "2000.??.??"]
[EventType "tourn"]
[EventRounds "9"]
[EventCountry "FRA"]
[EventCategory "3"]
[SourceTitle "EXT 2001"]
[Source "ChessBase"]
[SourceDate "2000.11.22"]
[SourceVersion "1"]
[SourceVersionDate "2000.11.22"]
[SourceQuality "1"]

1. c4 c6 2. e4 e5 3. Nf3 d6 4. d4 Qc7 5. Nc3 Nd7 6. g3 g6 7. Bg2 a6 8. 0-0 Bg7 9. Be3 Ngf6 10. h3 b6 11. Qc2 0-0 12. Rad1 Nh5 13. dxe5 dxe5 14. Na4 b5 15. Nc5 Nb6 16. b3 f5 17. Ng5 Rf6 18. exf5 gxf5 19. Qe2 Rh6 20. Nge6 Rxe6 21. Nxe6 Bxe6 22. Qxh5 bxc4 23. Bxb6 Qxb6 24. Rd6 Bf7 25. Qxf5 cxb3 26. axb3 Qxb3 27. Rxc6 a5 28. Rb1 Qa2 29. Rc8+ Rxc8 30. Qxc8+ Bf8 31. Rb8 Qa3 32. Be4 Qd6 33. Bxh7+ Kxh7 34. Qxf8 Qd1+ 1-0

[Event "Paris op"]
[Site "Paris"]
[Date "1998.??.??"]
[Round "6"]
[White "Kozlowski, Thierry"]
[Black "Roos, Celine"]
[Result "0-1"]
[WhiteElo "2040"]
[BlackElo "2155"]
[PlyCount "48"]
[EventDate "1998.07.??"]
[EventType "swiss"]
[EventRounds "9"]
[EventCountry "FRA"]
[SourceTitle "EXT 2000"]
[Source "ChessBase"]
[SourceDate "1999.11.16"]
[SourceVersion "1"]
[SourceVersionDate "1999.11.16"]
[SourceQuality "1"]

1. d4 Nf6 2. Nf3 b6 3. Nbd2 Bb7 4. e3 c5 5. Bd3 g6 6. b3 Bg7 7. Bb2 0-0 8. 0-0 cxd4 9. exd4 d6 10. Re1 Nbd7 11. a4 Rc8 12. c4 Nh5 13. a5 Nf4 14. Bf1 e5 15. g3 Ne6 16. dxe5 Nxe5 17. Nxe5 dxe5 18. Bxe5 Bxe5 19. Rxe5 Qd4 20. Re3 Rcd8 21. Rd3 Qf6 22. axb6 axb6 23. Ra7 Bc6 24. Nf3 Rxd3 0-1

[Event "Paris op"]
[Site "Paris"]
[Date "1998.??.??"]
[Round "8"]
[White "Roos, Celine"]
[Black "Philippe, Christophe"]
[Result "1-0"]
[WhiteElo "2155"]
[BlackElo "2290"]
[PlyCount "101"]
[EventDate "1998.07.??"]
[EventType "swiss"]
[EventRounds "9"]
[EventCountry "FRA"]
[SourceTitle "EXT 2000"]
[Source "ChessBase"]
[SourceDate "1999.11.16"]
[SourceVersion "1"]
[SourceVersionDate "1999.11.16"]
[SourceQuality "1"]

1. d4 f5 2. c4 Nf6 3. Nf3 g6 4. g3 Bg7 5. Bg2 0-0 6. 0-0 d6 7. Nc3 Qe8 8. d5 a5 9. Nd4 Na6 10. b3 Bd7 11. Bb2 c6 12. Rc1 Nc5 13. Ba1 Rc8 14. e3 g5 15. Re1 Qg6 16. Na4 Nxa4 17. bxa4 Ne4 18. dxc6 bxc6 19. Nb3 Bxa1 20. Rxa1 Ra8 21. c5 d5 22. Rc1 Rfb8 23. f3 Nf6 24. e4 fxe4 25. fxe4 Bg4 26. Qc2 e6 27. h3 Bxh3 28. Bxh3 Nxe4 29. Bg2 Rb4 30. Bxe4 dxe4 31. Nd2 Rf8 32. Rxe4 Rb7 33. Re2 Qg7 34. Qe4 Rb2 35. Qxe6+ Kh8 36. Nb3 g4 37. Rd1 Qc3 38. Qe5+ Qxe5 39. Rxe5 Rff2 40. Re7 Rg2+ 41. Kf1 Rbf2+ 42. Ke1 Rf8 43. Rd3 Rxa2 44. Nxa5 Rxa4 45. Nxc6 Rc4 46. Rdd7 Ra8 47. Rxh7+ Kg8 48. Rdg7+ Kf8 49. Ne7 Ra1+ 50. Kd2 Ke8 51. c6 1-0

[Event "Berliner Sommer 14th"]
[Site "Berlin"]
[Date "1996.??.??"]
[Round "5"]
[White "Alexieva, Silvia"]
[Black "Roos, Celine"]
[Result "0-1"]
[WhiteElo "2335"]
[BlackElo "2155"]
[PlyCount "54"]
[EventDate "1996.08.??"]
[EventType "swiss"]
[EventRounds "9"]
[EventCountry "GER"]
[SourceTitle "CBM 054 Extra"]
[Source "ChessBase"]
[SourceDate "1996.11.01"]
[SourceVersion "1"]
[SourceVersionDate "1996.11.01"]
[SourceQuality "1"]

1. e4 c6 2. d4 d5 3. Nd2 dxe4 4. Nxe4 Nf6 5. Nxf6+ gxf6 6. Nf3 Bg4 7. Be2 Qc7 8. h3 Bf5 9. 0-0 Nd7 10. c4 e6 11. Be3 Rg8 12. Kh1 0-0-0 13. Qa4 Kb8 14. b4 Be4 15. Rfc1 f5 16. d5 c5 17. dxe6 fxe6 18. Ng5 Bxg2+ 19. Kxg2 f4 20. Bxc5 Rxg5+ 21. Kh1 Bxc5 22. bxc5 Nxc5 23. Qa3 Rd3 24. Bxd3 Qc6+ 25. Be4 Qxe4+ 26. f3 Qf5 27. Rc2 Qxc2 0-1

[Event "Berliner Sommer 14th"]
[Site "Berlin"]
[Date "1996.??.??"]
[Round "7"]
[White "Kulaots, Kaido"]
[Black "Roos, Celine"]
[Result "1-0"]
[WhiteElo "2405"]
[BlackElo "2155"]
[PlyCount "71"]
[EventDate "1996.08.??"]
[EventType "swiss"]
[EventRounds "9"]
[EventCountry "GER"]
[SourceTitle "CBM 054 Extra"]
[Source "ChessBase"]
[SourceDate "1996.11.01"]
[SourceVersion "1"]
[SourceVersionDate "1996.11.01"]
[SourceQuality "1"]

1. d4 Nf6 2. Bg5 c5 3. Nc3 Qa5 4. Bxf6 gxf6 5. d5 f5 6. e3 Bg7 7. Qd2 Bxc3 8. bxc3 d6 9. Bd3 Nd7 10. Ne2 Nf6 11. c4 Qxd2+ 12. Kxd2 0-0 13. a4 Ng4 14. f3 Ne5 15. f4 Nxd3 16. cxd3 Bd7 17. Nc3 Rad8 18. Rhb1 Bc8 19. Nb5 a6 20. Na7 Rd7 21. Rb6 Kg7 22. Rab1 Kf6 23. Nxc8 Rxc8 24. Rxb7 Rxb7 25. Rxb7 Ra8 26. a5 h6 27. Kc3 h5 28. g3 h4 29. gxh4 Rh8 30. Rb6 Rxh4 31. Rxa6 Rxh2 32. Kb3 Rd2 33. Rb6 Rxd3+ 34. Ka4 Rxe3 35. a6 Re1 36. Rb3 1-0

[Event "FRA-chT"]
[Site "France"]
[Date "1994.??.??"]
[Round "9"]
[White "Gervais, Claire"]
[Black "Roos, Celine"]
[Result "1-0"]
[WhiteElo "2245"]
[BlackElo "2175"]
[PlyCount "81"]
[EventDate "1994.??.??"]
[EventType "team"]
[EventRounds "11"]
[EventCountry "FRA"]
[SourceTitle "EXT 1999"]
[Source "ChessBase"]
[SourceDate "1998.11.16"]
[SourceVersion "1"]
[SourceVersionDate "1998.11.16"]
[SourceQuality "1"]

1. d4 Nf6 2. c4 e6 3. Nc3 Bb4 4. e3 b6 5. Nge2 Ba6 6. Ng3 Bb7 7. a3 Bxc3+ 8. bxc3 0-0 9. Bd3 d5 10. 0-0 Nbd7 11. f3 c5 12. cxd5 Nxd5 13. Qc2 h6 14. e4 Ne7 15. Be3 cxd4 16. cxd4 Rc8 17. Qd2 Nf6 18. Kh1 Ng6 19. e5 Nh7 20. Ne4 Bxe4 21. Bxe4 Re8 22. Qd3 Nhf8 23. Qa6 Qe7 24. Rac1 Rxc1 25. Rxc1 Rd8 26. Qa4 Rb8 27. Qb4 Qxb4 28. axb4 a5 29. bxa5 bxa5 30. Ra1 Ne7 31. Rxa5 Rb3 32. Bg1 f5 33. Bc2 Rc3 34. Rc5 Ra3 35. h4 Nd5 36. Bxf5 Nf4 37. Be4 Ra1 38. Kh2 Ne2 39. Bf2 Rd1 40. d5 exd5 41. Bxd5+ 1-0

[Event "FRA-chT"]
[Site "France"]
[Date "1994.??.??"]
[Round "9"]
[White "Mora, Virginie"]
[Black "Roos, Celine"]
[Result "0-1"]
[WhiteElo "2165"]
[BlackElo "2175"]
[PlyCount "50"]
[EventDate "1994.??.??"]
[EventType "team"]
[EventRounds "11"]
[EventCountry "FRA"]
[SourceTitle "EXT 1999"]
[Source "ChessBase"]
[SourceDate "1998.11.16"]
[SourceVersion "1"]
[SourceVersionDate "1998.11.16"]
[SourceQuality "1"]

1. d4 Nf6 2. c4 e6 3. Nf3 b6 4. g3 Ba6 5. b3 d5 6. Bg2 Be7 7. 0-0 0-0 8. Ne5 Bb7 9. Nd2 c5 10. Bb2 cxd4 11. Bxd4 Nc6 12. Nxc6 Bxc6 13. e3 Rc8 14. Qe2 dxc4 15. Bxc6 Rxc6 16. Nxc4 Qd5 17. Rfd1 Qf5 18. f3 h5 19. e4 Qb5 20. Rd2 Bc5 21. Qe3 Rd8 22. Rad1 Bxd4 23. Rxd4 Rxd4 24. Qxd4 Qc5 25. Ne5 Rd6 0-1

[Event "FRA-chT"]
[Site "France"]
[Date "1994.??.??"]
[Round "9"]
[White "Roos, Celine"]
[Black "Nadin, Stephanie"]
[Result "1-0"]
[WhiteElo "2175"]
[BlackElo "1710"]
[PlyCount "77"]
[EventDate "1994.??.??"]
[EventType "team"]
[EventRounds "11"]
[EventCountry "FRA"]
[SourceTitle "EXT 1999"]
[Source "ChessBase"]
[SourceDate "1998.11.16"]
[SourceVersion "1"]
[SourceVersionDate "1998.11.16"]
[SourceQuality "1"]

1. c4 c5 2. Nf3 Nf6 3. g3 b6 4. Bg2 Bb7 5. 0-0 e6 6. d4 cxd4 7. Qxd4 Be7 8. Nc3 d6 9. Rd1 0-0 10. b3 Nbd7 11. Bb2 a6 12. Ng5 Bxg2 13. Kxg2 Qc7 14. Kg1 Rfd8 15. Qf4 Rac8 16. Nge4 Nc5 17. Rd2 Qc6 18. Nxf6+ Bxf6 19. Rad1 Nb7 20. Ne4 Bxb2 21. Rxb2 b5 22. Ng5 Qe8 23. Qe4 h6 24. Qxb7 hxg5 25. Qxa6 bxc4 26. bxc4 Ra8 27. Qb5 Qe7 28. Qc6 Rac8 29. Qe4 Rc5 30. Rb7 Rxc4 31. Qf3 Qe8 32. h3 d5 33. Rdb1 Ra8 34. Qe3 Qd8 35. a3 Rca4 36. Qe5 Rc4 37. Rxf7 Kxf7 38. Rb7+ Ke8 39. Qxe6+ 1-0

[Event "Budapest Statisztika 02"]
[Site "Budapest"]
[Date "1993.??.??"]
[Round "1"]
[White "Gyorkos, Lajos"]
[Black "Roos, Celine"]
[Result "1-0"]
[WhiteElo "2435"]
[BlackElo "2180"]
[PlyCount "67"]
[EventDate "1993.02.??"]
[EventType "tourn"]
[EventRounds "11"]
[EventCountry "HUN"]
[EventCategory "4"]
[SourceTitle "EXT 1998"]
[Source "ChessBase"]
[SourceDate "1997.11.17"]
[SourceVersion "1"]
[SourceVersionDate "1997.11.17"]
[SourceQuality "1"]

1. d4 Nf6 2. c4 e6 3. g3 d5 4. Bg2 Be7 5. Nf3 0-0 6. Qc2 Na6 7. 0-0 Nb4 8. Qb3 dxc4 9. Qxc4 b5 10. Qb3 Bb7 11. a3 Bd5 12. Qd1 Nc6 13. Nc3 b4 14. Nxd5 exd5 15. Qa4 Qe8 16. axb4 Nxb4 17. Bd2 a5 18. Rfc1 Bd6 19. Ne5 Ne4 20. Bxe4 Qxa4 21. Rxa4 dxe4 22. Nc4 Rfe8 23. Nxd6 cxd6 24. Bxb4 axb4 25. Rxb4 Rab8 26. Rcc4 Kf8 27. e3 Rec8 28. g4 Rxb4 29. Rxb4 Rc1+ 30. Kg2 Ke7 31. d5 f5 32. gxf5 Kf6 33. Rxe4 Kxf5 34. Re7 1-0

[Event "FRA"]
[Site "France"]
[Date "1993.??.??"]
[Round "?"]
[White "Planchon, Corinne"]
[Black "Roos, Celine"]
[Result "1/2-1/2"]
[WhiteElo "2075"]
[BlackElo "2180"]
[PlyCount "86"]
[EventDate "1993.??.??"]
[EventType "team"]
[EventRounds "11"]
[EventCountry "FRA"]
[SourceTitle "TD"]
[Source "ChessBase"]
[SourceDate "1994.03.01"]
[SourceVersion "1"]
[SourceVersionDate "1994.03.01"]
[SourceQuality "1"]

1. e4 c6 2. d4 d5 3. exd5 cxd5 4. c4 Nf6 5. Nc3 e6 6. Nf3 Bb4 7. Bd3 dxc4 8. Bxc4 0-0 9. 0-0 Nc6 10. Bg5 Be7 11. Bb3 b6 12. Re1 Bb7 13. Bf4 Nb4 14. Ne5 Nbd5 15. Bg3 Nxc3 16. bxc3 Rc8 17. c4 Ne4 18. Qd3 Nxg3 19. hxg3 Bf6 20. Rac1 g6 21. Ba4 Bxe5 22. Rxe5 Qf6 23. Re2 Rfd8 24. Rd1 Rd6 25. Qc3 Rcd8 26. Red2 Qg5 27. Re2 Qg4 28. Red2 h5 29. Qe3 h4 30. Qf4 Qxf4 31. gxf4 Ba6 32. Bb3 Rc8 33. Rc2 Kg7 34. Kh2 Kf6 35. g3 hxg3+ 36. Kxg3 Bb7 37. f3 Ba6 38. Kg4 Rdd8 39. Kg3 Rd6 40. Kg4 Rdc6 41. Rdc1 Rd8 42. Rd1 Rdc8 43. Rdc1 Rd8 1/2-1/2

[Event "Syre Memorial op 16th"]
[Site "Issy les Moulineaux"]
[Date "1993.??.??"]
[Round "5"]
[White "Roos, Celine"]
[Black "De Saint Aignant, P."]
[Result "0-1"]
[WhiteElo "2180"]
[BlackElo "1700"]
[PlyCount "46"]
[EventDate "1993.05.??"]
[EventType "swiss"]
[EventRounds "6"]
[EventCountry "FRA"]
[SourceTitle "EXT 2004"]
[Source "ChessBase"]
[SourceDate "2003.11.25"]
[SourceVersion "1"]
[SourceVersionDate "2003.11.25"]
[SourceQuality "1"]

1. c4 e5 2. Nc3 Bb4 3. Nd5 a5 4. a3 Bc5 5. e3 Nc6 6. Qg4 g6 7. Qd1 Bf8 8. d4 Bg7 9. Nf3 Nge7 10. Nxe7 Qxe7 11. d5 e4 12. dxc6 exf3 13. cxd7+ Bxd7 14. gxf3 Bc6 15. Bg2 Rd8 16. Qe2 0-0 17. Rb1 Rd6 18. h4 Rfd8 19. e4 Ba4 20. 0-0 Qxh4 21. f4 Bd1 22. Qe3 Rd3 23. Qe1 Bf3 0-1

[Event "Budapest Statisztika 02"]
[Site "Budapest"]
[Date "1993.??.??"]
[Round "7"]
[White "Roos, Celine"]
[Black "Grabher, Heinz"]
[Result "1/2-1/2"]
[WhiteElo "2180"]
[BlackElo "2165"]
[PlyCount "85"]
[EventDate "1993.02.??"]
[EventType "tourn"]
[EventRounds "11"]
[EventCountry "HUN"]
[EventCategory "4"]
[SourceTitle "EXT 1998"]
[Source "ChessBase"]
[SourceDate "1997.11.17"]
[SourceVersion "1"]
[SourceVersionDate "1997.11.17"]
[SourceQuality "1"]

1. c4 Nc6 2. Nc3 e5 3. g3 Nf6 4. Nf3 Bb4 5. Bg2 0-0 6. 0-0 Re8 7. Nd5 a5 8. d3 h6 9. Nxb4 axb4 10. e4 d6 11. h3 Nd7 12. b3 Nc5 13. Bb2 Bd7 14. Kh2 Ra6 15. g4 Ne6 16. Qd2 Qf6 17. a4 Qf4+ 18. Qxf4 Nxf4 19. d4 f6 20. d5 Na5 21. Nd2 Nd3 22. Rab1 Rd8 23. Bf3 Nc5 24. Bd1 Raa8 25. Bc2 Kf7 26. f4 Kg8 27. Rf3 g5 28. f5 Kg7 29. Rg1 Rh8 30. Nf1 Be8 31. Bc1 Na6 32. Rfg3 Bf7 33. Bd2 Rhd8 34. Be1 Rab8 35. h4 Rh8 36. Rh3 Rh7 37. Ng3 c5 38. Bd2 Nc7 39. Bd1 Rbh8 40. Nh5+ Bxh5 41. gxh5 Kf7 42. Rhg3 Ne8 43. Kh3 1/2-1/2

[Event "FRA"]
[Site "France"]
[Date "1993.??.??"]
[Round "?"]
[White "Roos, Celine"]
[Black "Haik, Aldo"]
[Result "0-1"]
[WhiteElo "2180"]
[BlackElo "2410"]
[PlyCount "66"]
[EventDate "1993.??.??"]
[EventType "team"]
[EventRounds "11"]
[EventCountry "FRA"]
[SourceTitle "TD"]
[Source "ChessBase"]
[SourceDate "1994.03.01"]
[SourceVersion "1"]
[SourceVersionDate "1994.03.01"]
[SourceQuality "1"]

1. c4 b6 2. Nc3 Bb7 3. e4 e6 4. Nf3 Bb4 5. Bd3 Ne7 6. 0-0 Bxc3 7. dxc3 0-0 8. e5 Ng6 9. Re1 Bxf3 10. Qxf3 Nc6 11. Qg3 d6 12. Bg5 Qd7 13. Bxg6 hxg6 14. Rad1 d5 15. f4 Na5 16. b3 b5 17. cxd5 exd5 18. e6 fxe6 19. Qd3 Kf7 20. Re3 Nb7 21. Rde1 Rae8 22. c4 bxc4 23. bxc4 c6 24. cxd5 cxd5 25. Qa3 Nd6 26. Qa6 Rh8 27. Rb3 Rc8 28. Reb1 Rc7 29. Qa3 Ne4 30. Rb8 Rhc8 31. Rxc8 Qxc8 32. Bh4 Qf8 33. Qa4 Qc5+ 0-1

[Event "Budapest Statisztika 02"]
[Site "Budapest"]
[Date "1993.??.??"]
[Round "2"]
[White "Roos, Celine"]
[Black "Nemeth, Zoltan"]
[Result "0-1"]
[WhiteElo "2180"]
[BlackElo "2380"]
[PlyCount "62"]
[EventDate "1993.02.??"]
[EventType "tourn"]
[EventRounds "11"]
[EventCountry "HUN"]
[EventCategory "4"]
[SourceTitle "EXT 1998"]
[Source "ChessBase"]
[SourceDate "1997.11.17"]
[SourceVersion "1"]
[SourceVersionDate "1997.11.17"]
[SourceQuality "1"]

1. c4 c6 2. e4 e5 3. Nf3 d6 4. d4 Bg4 5. Be2 Nd7 6. Nc3 Be7 7. Be3 Bxf3 8. Bxf3 Bg5 9. 0-0 Bxe3 10. fxe3 Qg5 11. dxe5 Qxe3+ 12. Kh1 dxe5 13. Bg4 Ndf6 14. Bh3 Qc5 15. Qb3 Rb8 16. Rad1 Nh6 17. Rxf6 gxf6 18. Na4 Qf2 19. Qb4 c5 20. Nxc5 0-0 21. Nd7 Rfd8 22. Qd6 Kg7 23. Qd3 Ng8 24. Rf1 Qh4 25. Qf3 Rbc8 26. Bf5 Rc7 27. g3 Qh6 28. Qg4+ Kh8 29. c5 Ne7 30. c6 Rxc6 31. Rd1 Rc1 0-1

[Event "Budapest Statisztika 02"]
[Site "Budapest"]
[Date "1993.??.??"]
[Round "9"]
[White "Roos, Celine"]
[Black "Petran, Pal"]
[Result "0-1"]
[WhiteElo "2180"]
[BlackElo "2485"]
[PlyCount "94"]
[EventDate "1993.02.??"]
[EventType "tourn"]
[EventRounds "11"]
[EventCountry "HUN"]
[EventCategory "4"]
[SourceTitle "EXT 1998"]
[Source "ChessBase"]
[SourceDate "1997.11.17"]
[SourceVersion "1"]
[SourceVersionDate "1997.11.17"]
[SourceQuality "1"]

1. c4 e5 2. Nc3 Nf6 3. Nf3 Nc6 4. g3 Bc5 5. e3 d6 6. d4 exd4 7. exd4 Bb6 8. Bg2 0-0 9. 0-0 Bg4 10. Be3 Qd7 11. Qd2 Rfe8 12. a3 Na5 13. Qd3 Bf5 14. Qe2 Nb3 15. Rad1 c5 16. dxc5 Bxc5 17. Nd5 Nxd5 18. Rxd5 Be4 19. Ng5 Bg6 20. Qf3 h6 21. Bxc5 Nxc5 22. Qd1 Bd3 23. Nxf7 Bxf1 24. Nxh6+ gxh6 25. Bxf1 Ne4 26. f3 Nf6 27. Rxd6 Qe7 28. c5 Rad8 29. Qb3+ Kg7 30. Bd3 Rxd6 31. cxd6 Qxd6 32. Qxb7+ Re7 33. Qb5 Qb6+ 34. Qxb6 axb6 35. Kf2 Nd7 36. f4 Nc5 37. Bc4 Na4 38. b3 Nc3 39. a4 Kf6 40. g4 Ne4+ 41. Ke3 Nd6+ 42. Kd3 Re4 43. g5+ hxg5 44. fxg5+ Kxg5 45. Kc3 Nxc4 46. bxc4 Kf6 47. Kb4 Re5 0-1

[Event "Budapest Statisztika 02"]
[Site "Budapest"]
[Date "1993.??.??"]
[Round "10"]
[White "Roos, Jean Luc"]
[Black "Roos, Celine"]
[Result "1-0"]
[WhiteElo "2355"]
[BlackElo "2180"]
[PlyCount "79"]
[EventDate "1993.02.??"]
[EventType "tourn"]
[EventRounds "11"]
[EventCountry "HUN"]
[EventCategory "4"]
[SourceTitle "EXT 1998"]
[Source "ChessBase"]
[SourceDate "1997.11.17"]
[SourceVersion "1"]
[SourceVersionDate "1997.11.17"]
[SourceQuality "1"]

1. e4 c6 2. d4 d5 3. Nd2 dxe4 4. Nxe4 Bf5 5. Ng3 Bg6 6. h4 h6 7. h5 Bh7 8. Nf3 Nd7 9. Bd3 Bxd3 10. Qxd3 e6 11. Bd2 Qc7 12. 0-0-0 Ngf6 13. Qe2 Bd6 14. Nf5 Bf4 15. Bxf4 Qxf4+ 16. Ne3 0-0 17. g3 Qc7 18. Kb1 c5 19. g4 Rfd8 20. Rhg1 cxd4 21. Nxd4 Qc5 22. c3 Ne5 23. f4 Nc6 24. Nb3 Qb6 25. g5 hxg5 26. fxg5 Nd5 27. Nxd5 Rxd5 28. g6 Ne5 29. gxf7+ Nxf7 30. Nd4 Re8 31. Rg6 Rg5 32. Rxg5 Nxg5 33. Rg1 Nh7 34. Qe5 Re7 35. h6 g5 36. Qb8+ Kf7 37. Rf1+ Kg6 38. Qg8+ Kh5 39. Rh1+ Kg4 40. Qg6 1-0

[Event "Budapest Statisztika 02"]
[Site "Budapest"]
[Date "1993.??.??"]
[Round "8"]
[White "Somogyi, Istvan"]
[Black "Roos, Celine"]
[Result "0-1"]
[WhiteElo "2295"]
[BlackElo "2180"]
[PlyCount "98"]
[EventDate "1993.02.??"]
[EventType "tourn"]
[EventRounds "11"]
[EventCountry "HUN"]
[EventCategory "4"]
[SourceTitle "EXT 1998"]
[Source "ChessBase"]
[SourceDate "1997.11.17"]
[SourceVersion "1"]
[SourceVersionDate "1997.11.17"]
[SourceQuality "1"]

1. d4 Nf6 2. Nf3 b6 3. c4 e6 4. e3 Bb7 5. Bd3 c5 6. 0-0 Be7 7. b3 cxd4 8. exd4 d5 9. Bb2 0-0 10. Nc3 Nc6 11. Rc1 Rc8 12. Re1 Nb4 13. Bf1 dxc4 14. bxc4 Bxf3 15. gxf3 Bd6 16. a3 Nc6 17. Ne4 Bf4 18. Rc2 Nh5 19. Ng3 Qh4 20. d5 Na5 21. Re4 Rcd8 22. Qd4 Qg5 23. h4 Qg6 24. Bd3 Nxg3 25. fxg3 e5 26. Qc3 f5 27. Ree2 Qxg3+ 28. Rg2 Be3+ 29. Kf1 Qxf3+ 30. Ke1 Bd4 31. Qd2 Bxb2 32. Rxb2 e4 33. Bf1 Rd7 34. Qd4 Nb3 35. Qe5 Nc5 36. Rg3 Qh5 37. Qf4 Re8 38. Kf2 Nd3+ 39. Bxd3 exd3 40. Rg5 Re2+ 41. Kg3 Qe8 42. Rd2 Re3+ 43. Kh2 Rde7 44. Rxf5 Re2+ 45. Kg1 Re1+ 46. Kh2 R7e2+ 47. Kh3 Rxd2 48. Qxd2 Re3+ 49. Kg4 Qe4+ 0-1

[Event "Hyeres op"]
[Site "Hyeres"]
[Date "1992.??.??"]
[Round "?"]
[White "Roos, Celine"]
[Black "Solozhenkin, Evgeniy"]
[Result "0-1"]
[WhiteElo "2180"]
[BlackElo "2465"]
[PlyCount "76"]
[EventDate "1992.07.??"]
[EventType "swiss"]
[EventRounds "9"]
[EventCountry "FRA"]
[SourceTitle "TD"]
[Source "ChessBase"]
[SourceDate "1994.03.01"]
[SourceVersion "1"]
[SourceVersionDate "1994.03.01"]
[SourceQuality "1"]

1. c4 e5 2. Nc3 Nf6 3. Nf3 Nc6 4. g3 d5 5. cxd5 Nxd5 6. Bg2 Nb6 7. 0-0 Be7 8. a3 0-0 9. b4 Be6 10. Rb1 f6 11. d3 a5 12. b5 Nd4 13. Nd2 Bd5 14. e3 Bxg2 15. Kxg2 Ne6 16. Nf3 Qd7 17. d4 exd4 18. exd4 Kh8 19. Re1 Rfe8 20. d5 Nf8 21. Qd4 Rad8 22. Bb2 Nxd5 23. Rbd1 Nxc3 24. Qxc3 Qxb5 25. Rxd8 Bxd8 26. Rxe8 Qxe8 27. Qxa5 Qc6 28. h4 Ne6 29. Qf5 Kg8 30. Kg1 Be7 31. Qg4 Qd5 32. Nd4 Nxd4 33. Bxd4 Kf7 34. a4 h5 35. Qf4 Qc4 36. Be3 Qxf4 37. Bxf4 Bd6 38. Be3 Ke6 0-1

[Event "Kecskemet8"]
[Site "Kecskemet"]
[Date "1991.??.??"]
[Round "?"]
[White "Habibi, Ali"]
[Black "Roos, Celine"]
[Result "1-0"]
[WhiteElo "2240"]
[BlackElo "2145"]
[PlyCount "83"]
[EventDate "1991.??.??"]
[EventType "tourn"]
[EventRounds "13"]
[EventCountry "HUN"]
[EventCategory "2"]
[SourceTitle "EXT 2004"]
[Source "ChessBase"]
[SourceDate "2003.11.25"]
[SourceVersion "1"]
[SourceVersionDate "2003.11.25"]
[SourceQuality "1"]

1. Nf3 Nf6 2. g3 c5 3. Bg2 e6 4. 0-0 Be7 5. d3 Nc6 6. e4 d6 7. Nbd2 Rb8 8. a4 0-0 9. Ne1 a6 10. f4 b5 11. g4 Qb6 12. c3 c4+ 13. Kh1 cxd3 14. Nxd3 Nd7 15. axb5 axb5 16. Nb3 b4 17. cxb4 Ba6 18. Rf3 Bxd3 19. Rxd3 Nxb4 20. Rh3 Rfc8 21. Be3 Qd8 22. Rb1 Nc2 23. Bg1 g6 24. f5 Ne5 25. Rc1 Nb4 26. fxe6 fxe6 27. Nd4 Rxc1 28. Qxc1 Bg5 29. Qd1 Qe8 30. Rb3 Kh8 31. h3 Bf6 32. Qd2 Nec6 33. Rc3 Be5 34. Rc4 Qd7 35. Nf3 Qb7 36. Nxe5 Nxe5 37. Qxd6 Nxc4 38. Qxe6 Nc6 39. Qxc4 Qb5 40. Qe6 Ne5 41. Bf1 Qxb2 42. Bh2 1-0